Propaganda y sociedad

Guardat en:
Dades bibliogràfiques
Autor principal: Fabregat Cúneo, Roberto (Autor)
Format: Llibre
Idioma:espanyol
Publicat: Ciudad de México Universidad Nacional. Instituto de Investigaciones Sociales 1961
Col·lecció:Cuadernos de Sociología
Matèries:
Etiquetes: Afegir etiqueta
Sense etiquetes, Sigues el primer a etiquetar aquest registre!

MARC

LEADER 00000nam a2200000 a 4500
001 UCR9920
003 CL-VaPUC
008 980619e19610000MX |||||||||||||||||spa|d
082 0 4 |a 303.375  |b FAB  |2 21 
100 0 |a Fabregat Cúneo, Roberto  |e author  |9 412939 
245 1 0 |a Propaganda y sociedad 
300 |a 311 p 
942 |c BK 
945 |d 19980619 00:00:00  |a crobeson 
260 |a Ciudad de México  |b Universidad Nacional. Instituto de Investigaciones Sociales  |c 1961 
650 0 |a Propaganda   |9 322285 
650 0 |a Psicología social   |9 222894 
650 0 |a Sociología   |9 255410 
650 0 |a Opinión pública  |9 255512 
583 |a last modification  |c 19980619 00:00:00  |k Rodrigo Vera 
490 0 |a Cuadernos de Sociología 
999 |c 271094  |d 271092 
952 |0 0  |1 0  |4 0  |6 303_375000000000000_FAB_1961  |7 0  |8 A  |9 305599  |a BIBENE  |b BIBENE  |d 2019-11-20  |i 1421166  |o 303.375 FAB 1961  |p 1421166  |r 2025-01-15  |w 2019-11-20  |y BK  |k ICO